The state of being stateless : (Record no. 104618)

MARC details
000 -LEADER
fixed length control field 00800nam a22002297a 4500
005 - DATE AND TIME OF LATEST TRANSACTION
control field 20161116111348.0
010 ## - LCCN (DPL NO)
LC control number ENG-116542
020 ## - INTERNATIONAL STANDARD BOOK NUMBER
International Standard Book Number 9788125059684
Terms of availability 675.00
035 ## - SYSTEM CONTROL NUMBER
System control number EN-100074
037 ## - SOURCE OF ACQUISITION
Source of stock number/acquisition DBAD/PUB
082 ## - DEWEY DECIMAL CLASSIFICATION NUMBER
Classification number 323.63
245 ## - TITLE STATEMENT
Title The state of being stateless :
Remainder of title an account of South Asia /
Statement of responsibility, etc by Paula Banerjee, Anasua Basu Ray Chaudhary, [and] Atig Ghosh ; foreword by Ranbir Samaddar
260 ## - PUBLICATION, DISTRIBUTION, ETC. (IMPRINT)
Place of publication, distribution, etc New Delhi
Name of publisher, distributor, etc Orient BlackSwan
Date of publication, distribution, etc 2016
270 ## - ADDRESS
Address 1/24 Asaf Ali Road,
City New Delhi
Postal code 1100002
300 ## - PHYSICAL DESCRIPTION
Extent xvii,283p.
Dimensions 23cm (Hb)
500 ## - GENERAL NOTE
General note Includes bibliographical references and index
700 ## - ADDED ENTRY--PERSONAL NAME
Personal name Banerjee, Paula
700 ## - ADDED ENTRY--PERSONAL NAME
Personal name Ray Chaudhary,Anasua Basu
700 ## - ADDED ENTRY--PERSONAL NAME
Personal name Ghosh, Atig
700 ## - ADDED ENTRY--PERSONAL NAME
Personal name Samddar, Ranabir
942 ## - ADDED ENTRY ELEMENTS (KOHA)
Source of classification or shelving scheme Dewey Decimal Classification
Item type English Books
Classification part 323.63
Call number suffix STE
Holdings
Withdrawn status Lost status Not for loan Collection code Home library Current library Date acquired Source of acquisition Cost, normal purchase price Full call number Barcode Copy number Cost, replacement price Koha item type
      Non-fiction Shahdara Branch Shahdara Branch 15/11/2016 DBAD/PUB 675.00 323.63 EN-100074 1 675.00 English Books

© Delhi Public Library
Hit Counter
free hit counter